UBT Library

Exploring geography : (Record no. 44127)

000 -LEADER
fixed length control field 00635nam a2200229 a 4500
001 - CONTROL NUMBER
control field 1008716
005 - DATE AND TIME OF LATEST TRANSACTION
control field 20180306033614.0
008 - FIXED-LENGTH DATA ELEMENTS--GENERAL INFORMATION
fixed length control field 870130s1986 nyua j 000 0 eng
010 ## - LIBRARY OF CONGRESS CONTROL NUMBER
LC control number 87108135
020 ## - INTERNATIONAL STANDARD BOOK NUMBER
International Standard Book Number 0528177826 (pbk.)
040 ## - CATALOGING SOURCE
Original cataloging agency DLC
Transcribing agency DLC
Modifying agency DLC
041 ## - LANGUAGE CODE
Language code of text/sound track or separate title eng
042 ## - AUTHENTICATION CODE
Authentication code lcac
080 ## - UNIVERSAL DECIMAL CLASSIFICATION NUMBER
Universal Decimal Classification number 912.076 jam
082 00 - DEWEY DECIMAL CLASSIFICATION NUMBER
Classification number 912.076 jam
Edition number 19
100 1# - Rafti
Rafti 42
101 ## - Shkurtesa
Shkurtesa geo
245 10 - TITLE STATEMENT
Title Exploring geography :
Statement of responsibility, etc James Fletcher ; Barbara Radner Reque, editor.
906 ## - LOCAL DATA ELEMENT F, LDF (RLIN)
a 7
b cbc
c orignew
d 2
e ncip
f 19
g y-gencatlg
942 ## - ADDED ENTRY ELEMENTS (KOHA)
Source of classification or shelving scheme
Item type Books
Holdings
Withdrawn status Lost status Source of classification or shelving scheme Damaged status Not for loan Collection code Permanent location Current location Shelving location Date acquired Total Checkouts Full call number Barcode Date last seen Price effective from Koha item type
          Koleksioni i përgjithshem UBT - Lipjan UBT - Lipjan Koleksioni i përgjithshem 03/06/2018   912.076 jam 002-3000951 03/06/2018 03/06/2018 Books
UBT Library © 2015-2024. All rights reserved University Education for Business and Technology